[Event " petrolhead center"]
[Site "http://www.queenalice.com/game.php?id=1534465"]
[Date "2018.7.12"]
[Round "-"]
[White "zubarev"]
[Black "Rockstars1976"]
[Result "1-0"]
[WhiteElo "1857"]
[BlackElo "1540"]

1. a3 e5 2. e4 Nc6 3. Nc3 Bc5 4. d3 d6 5. Nf3 h6 6. Nd5 Bg4 7. Be2 Bxf3 8. Bxf3
Nd4 9. c3 c6 10. cxd4 Bxd4 11. Nc3 a6 12. Ne2 c5 13. O-O Qb6 14. Kh1 Qc6 15.
Nxd4 cxd4 16. Bd2 Nf6 17. Rc1 Qb5 18. Be1 Qxb2 19. Rc7 Qb6 20. Rc4 O-O 21. Bb4
a5 22. Bd2 g5 23. Qc2 Rfd8 24. Rc7 Qa6 25. Rb1 b6 26. Qb3 d5 27. exd5 Rd6 28.
Rbc1 g4 29. Be2 Rxd5 30. Bxg4 Kg7 31. Bf3 Rad8 32. Bxd5 Rxd5 33. Re7 a4 34. Qb4
Qxd3 35. h3 Ne4 36. Rcc7 Qf1+ 37. Kh2 Ng5 38. Bxg5 hxg5 39. Rxf7+ Kh6 40. Qf8+
Kg6 41. Qg7+ Kh5 42. g4+ Kh4 43. Qh6# 1-0

[Event "Challenge"]
[Site "http://www.queenalice.com/game.php?id=1534470"]
[Date "2018.7.12"]
[Round "-"]
[White "Rockstars1976"]
[Black "dejami"]
[Result "0-1"]
[WhiteElo "1524"]
[BlackElo "1755"]

1. a3 e5 2. e4 Nc6 3. Bc4 Na5 4. d3 c6 5. Nf3 Nxc4 6. dxc4 h6 7. Nxe5 d6 8. Nf3
Bg4 9. Nc3 Ne7 10. h3 Bh5 11. Bf4 Ng6 12. Qd2 Bxf3 13. gxf3 Qf6 14. Ne2 Nh4 15.
Qe3 Ng2+ 16. Kd2 Nxe3 17. Bxe3 Qxf3 18. Rhg1 Qxe4 19. Bf4 g5 20. f3 Qxc4 21. b3
Qd5+ 22. Ke3 gxf4+ 23. Nxf4 Qe5+ 24. Kf2 Qxf4 25. Rg3 Qd4+ 26. Ke2 Qxa1 27. Rg4
O-O-O 28. Ra4 a6 29. c4 Re8+ 30. Kd2 Qd4+ 31. Kc2 Re2+ 32. Kb1 Qd1# 0-1

[Event "Challenge"]
[Site "http://www.queenalice.com/game.php?id=1534471"]
[Date "2018.7.12"]
[Round "-"]
[White "dejami"]
[Black "Rockstars1976"]
[Result "1-0"]
[WhiteElo "1705"]
[BlackElo "1565"]

1. e4 e5 2. Bc4 Bc5 3. Qh5 Qe7 4. d3 Nf6 5. Qg5 d6 6. h3 h6 7. Qd2 Nc6 8. c3 a6
9. Nf3 Bd7 10. g4 g5 11. b4 Ba7 12. Na3 O-O 13. Bb3 b5 14. h4 Nxg4 15. O-O gxh4
16. Nh2 Qf6 17. Bd1 Qg6 18. Kh1 Rae8 19. Nxg4 Bxg4 20. Bxg4 Qxg4 21. Rg1 h5 22.
Rxg4+ hxg4 23. Qg5+ Kh7 24. Qh6+ Kg8 25. Bg5 Re6 26. Qxh4 Kg7 27. Kg2 f5 28. Rh1
1-0

[Event "Challenge"]
[Site "http://www.queenalice.com/game.php?id=1534746"]
[Date "2018.7.13"]
[Round "-"]
[White "eduardocosta"]
[Black "Rockstars1976"]
[Result "1-0"]
[WhiteElo "1630"]
[BlackElo "1555"]

1. e3 Nf6 2. Be2 d5 3. Nf3 e6 4. b3 Nc6 5. Bb2 Be7 6. c4 dxc4 7. Bxc4 h6 8. d4
Bb4+ 9. Bc3 Qd6 10. Bxb4 Qxb4+ 11. Nbd2 Ne4 12. O-O b5 13. a3 Nxd2 14. axb4 Nxf1
15. Bxb5 Bd7 16. Bxf1 f6 17. b5 Nb4 18. Bc4 h5 19. d5 e5 20. Nh4 g5 21. Nf3 e4
22. Nd2 f5 23. Nb1 g4 24. Qc1 h4 25. Qd2 Nd3 26. Bxd3 exd3 27. Qxd3 h3 28. d6
hxg2 29. Kxg2 c6 30. bxc6 Bxc6+ 31. Kg1 Rd8 32. Rxa7 Rd7 33. Rxd7 Bxd7 34. b4
Rf8 35. b5 Kf7 36. b6 Re8 37. b7 Rb8 38. Qc4+ Kf6 39. Qc7 1-0

[Event "Let's Play Chess!"]
[Site "http://www.queenalice.com/game.php?id=1537847"]
[Date "2018.8.7"]
[Round "-"]
[White "Rockstars1976"]
[Black "beginat63"]
[Result "1-0"]
[WhiteElo "1561"]
[BlackElo "1784"]

1. e4 d5 2. e5 e6 3. d4 c5 4. Bb5+ Bd7 5. Bxd7+ Nxd7 6. Nf3 f6 7. Nc3 cxd4 8.
Qxd4 Bc5 9. Qa4 Ne7 10. b4 O-O 11. exf6 Bxf2+ 12. Kxf2 Rxf6 13. Re1 Qb6+ 14. Be3
Qc7 15. Nb5 Qb8 16. Nxa7 Nc6 17. Qb5 Nxa7 18. Qxd7 Qd8 19. Qxb7 Rf7 20. Qa6 Qc8
21. Qxc8+ Nxc8 22. Bc5 Ne7 23. Rxe6 Ng6 24. a4 Re7 25. Bxe7 Nxe7 26. Rxe7 1-0

[Event "Challenge"]
[Site "http://www.queenalice.com/game.php?id=1545728"]
[Date "2018.10.12"]
[Round "-"]
[White "eduardocosta"]
[Black "Rockstars1976"]
[Result "0-1"]
[WhiteElo "1661"]
[BlackElo "1599"]

1. e3 d5 2. Be2 Nf6 3. b3 c6 4. c4 Bf5 5. Bb2 Qd6 6. d4 Ne4 7. Bf3 Qb4+ 8. Kf1
dxc4 9. Ba3 Qb5 10. Bg4 cxb3+ 11. Be2 Qa5 12. axb3 e6 13. Nf3 Nc3 14. Nxc3 Qxc3
15. Bxf8 Rxf8 16. Ne5 Nd7 17. Nf3 Bg4 18. h3 Bxf3 19. Bxf3 e5 20. dxe5 Qxe5 21.
Rb1 Rd8 22. Qc2 Qb5+ 23. Be2 Qg5 24. Bf3 Ne5 25. Be4 f5 26. f4 Qg3 27. fxe5
fxe4+ 28. Kg1 Qxe3+ 29. Kh2 Qf4+ 30. Kg1 Qxe5 31. Re1 Rd3 32. b4 Qd4+ 33. Kh2 e3
34. Qe2 Rd2 35. Qxe3+ Qxe3 36. Rxe3+ Kd7 37. Rg3 Rf7 38. Rg4 h5 39. Rg5 Rd5 40.
Rg3 g5 41. Ra3 a6 42. Re1 Rb5 43. Rb3 c5 44. Rd3+ Kc7 45. Rc1 Rd7 46. Rdc3 Rd5
47. bxc5 Kb8 48. c6 Kc7 49. cxb7+ Kxb7 50. Rc7+ Kb6 51. R7c6+ Ka5 52. Ra1+ Kb4
53. Rcxa6 g4 54. hxg4 hxg4 55. R6a4+ Kc3 56. Rxg4 Rh5+ 57. Kg1 Rhd5 58. Ra3+ Kb2
59. Re3 Rd1+ 60. Kf2 Rd2+ 61. Kf3 Rf5+ 62. Kg3 Rff2 63. Kh3 Kc1 64. Re1+ Kc2 65.
Rg1 Kd3 66. Kh4 Ke3 67. g3 Rf3 68. Rg7 Kf2 69. Rh1 Kg2 70. Re1 Kh2 71. Kg4 Rxg3+
72. Kf5 Rxg7 73. Re6 Rf2+ 74. Ke5 Re2+ 75. Kf6 Rgg2 76. Rd6 Kh3 77. Kf7 Ref2+
78. Ke7 Kh4 79. Ke8 Rg8+ 80. Ke7 Re2+ 81. Kd7 Kg5 82. Rd5+ Kf6 83. Rd6+ Kf7 84.
Kc6 Ke7 85. Rd7+ Ke8 86. Ra7 Rc2+ 87. Kd6 Kd8 88. Ke6 Re8+ 89. Kd6 Rd2+ 90. Kc6
Re6+ 91. Kc5 Kc8 92. Kc4 Rc6+ 93. Kb5 Rdc2 94. Ra8+ Kb7 95. Rh8 Rb2+ 96. Ka4
Ra6# 0-1

[Event "Challenge"]
[Site "http://www.queenalice.com/game.php?id=1552192"]
[Date "2018.12.8"]
[Round "-"]
[White "WLAO"]
[Black "Rockstars1976"]
[Result "0-1"]
[WhiteElo "1608"]
[BlackElo "1542"]

1. b3 e5 2. Bb2 Nc6 3. e4 b6 4. d3 Bc5 5. Nf3 d6 6. Nbd2 Nf6 7. g3 Bg4 8. Bg2
Bxf3 9. Nxf3 h6 10. O-O O-O 11. Nh4 Qd7 12. Nf5 d5 13. Qf3 Nb4 14. Rfc1 dxe4 15.
dxe4 Nc6 16. Rd1 Nd4 17. Nxd4 Bxd4 18. Bxd4 exd4 19. Rd3 Qc6 20. Rxd4 Qxc2 21.
Rc4 Qb2 22. Rcc1 Rad8 23. Bf1 Qd4 24. Rc4 Qxa1 25. Rxc7 Rd1 26. Qe2 Qd4 27. Rc4
Qa1 28. Rc2 Re8 29. Rd2 Rxd2 30. Qxd2 Nxe4 31. Qc2 Ng5 32. h4 Nf3+ 33. Kg2 Ne1+
34. Kg1 Nxc2 35. Kg2 Re1 0-1

[Event "Challenge"]
[Site "http://www.queenalice.com/game.php?id=1555256"]
[Date "2019.1.4"]
[Round "-"]
[White "Rockstars1976"]
[Black "cavaliernoir"]
[Result "1-0"]
[WhiteElo "1586"]
[BlackElo "1505"]

1. e4 e5 2. Bc4 Qe7 3. d3 Nc6 4. Nf3 Nd4 5. Nc3 a6 6. Nd5 Qd6 7. Nxd4 exd4 8.
Bf4 Qg6 9. Nxc7+ Kd8 10. Nxa8 Qxg2 11. Bc7+ Ke8 12. Rf1 Bb4+ 13. c3 dxc3 14. Qh5
cxb2+ 15. Ke2 Nf6 16. Qxf7# 1-0

[Event "Challenge"]
[Site "http://www.queenalice.com/game.php?id=1556978"]
[Date "2019.1.16"]
[Round "-"]
[White "eduardocosta"]
[Black "Rockstars1976"]
[Result "1-0"]
[WhiteElo "1659"]
[BlackElo "1617"]

1. e3 e5 2. Nf3 d6 3. b3 Bg4 4. Be2 Nf6 5. Bb2 h6 6. h3 Bxf3 7. Bxf3 Nc6 8.
Bxc6+ bxc6 9. O-O Be7 10. d4 O-O 11. dxe5 dxe5 12. Bxe5 Nd7 13. Bb2 Bd6 14. Qg4
f6 15. Qc4+ Kh8 16. Qxc6 Be5 17. Bxe5 fxe5 18. c4 Rf6 19. Qd5 c6 20. Qd2 e4 21.
Nc3 Re6 22. Qd4 c5 23. Qd1 Qc7 24. Qc2 Rae8 25. Nb5 Qa5 26. Qc3 Qxc3 27. Nxc3 a6
28. Nd5 Rf8 29. Nf4 Rd6 30. Rfd1 Rxd1+ 31. Rxd1 Rd8 32. Ng6+ Kh7 33. Ne7 a5 34.
Nc6 a4 35. Ne5 axb3 36. axb3 Nxe5 37. Rxd8 g5 38. Rd5 Nc6 39. Rxc5 Nb4 40. Re5
Kg6 41. Rxe4 Kf5 42. Re8 Nc2 43. c5 h5 44. c6 g4 45. hxg4+ hxg4 46. c7 Kg5 47.
c8=Q Ne1 48. b4 Nf3+ 49. gxf3 gxf3 50. Rg8+ Kf6 51. b5 Ke5 52. b6 1-0

[Event "AUTO-INT-3411"]
[Site "http://www.queenalice.com/game.php?id=1560490"]
[Date "2019.2.10"]
[Round "1"]
[White "dlabedz"]
[Black "Rockstars1976"]
[Result "0-1"]
[WhiteElo "1320"]
[BlackElo "1568"]

1. d4 d5 2. e3 Bf5 3. h3 e6 4. Be2 Nc6 5. Nf3 Nb4 6. a3 Nxc2+ 7. Kf1 Nxa1 8. Bd3
Bxd3+ 9. Qxd3 Nf6 10. Qc3 Ne4 11. Qa5 Nb3 12. Qb5+ c6 13. Qxb3 b6 14. a4 f6 15.
a5 b5 16. Nbd2 Qxa5 17. Kg1 b4 18. Nxe4 dxe4 19. Nd2 c5 20. Nc4 Qa1 21. Kh2 cxd4
22. Bd2 Qa6 23. exd4 Rd8 24. Be3 Bd6+ 25. g3 h5 26. Rc1 h4 27. Bf4 Bxf4 28. gxf4
Rxd4 29. Qxb4 Rh5 30. Qb8+ Kf7 31. Qc7+ Kg6 32. Ne3 Qe2 33. Ng4 e3 34. Rg1 Rh7
35. Ne5+ Kf5 36. Ng4 exf2 37. Qc5+ e5 38. Qc8+ Ke4 39. Qb7+ Kxf4 40. Nxf2 Qxf2+
41. Rg2 Qf3 42. Rg4+ Ke3 43. Qb3+ Rd3 44. Qc4 Qf2+ 45. Rg2 Qf4+ 46. Qxf4+ Kxf4
47. Rg4+ Ke3 48. Kg1 Kd2 49. Rg2+ Kc1 50. b4 g5 51. Ra2 Rd1+ 52. Kf2 Rd2+ 53.
Rxd2 Kxd2 0-1

[Event "AUTO-INT-3411"]
[Site "http://www.queenalice.com/game.php?id=1560491"]
[Date "2019.2.10"]
[Round "1"]
[White "Rockstars1976"]
[Black "dlabedz"]
[Result "0-1"]
[WhiteElo "1582"]
[BlackElo "1311"]

1. e3 e5 2. Be2 d5 3. Nc3 c6 4. Nf3 Be7 5. Nxe5 f6 6. Nf3 h5 7. Nh4 Rh6 8. Nf5
Bxf5 9. h3 Qd7 10. O-O g5 11. Bxh5+ Kd8 12. g4 Bg6 13. d4 f5 14. f4 fxg4 15.
hxg4 Bxh5 16. gxh5 Qe8 17. Qg4 Nf6 18. Qxg5 Rxh5 19. Qg2 Ne4 20. Nxe4 Nd7 21. a4
Qh8 22. Nf2 Kc7 23. e4 Rg8 24. Ng4 Nf6 25. Nxf6 Rxg2+ 26. Kxg2 Rh2+ 27. Kg1 Rh1+
28. Kf2 Qh2+ 29. Ke1 Qh4+ 30. Ke2 Qh2+ 31. Ke1 Qh4+ 32. Ke2 Rh2+ 33. Kd3 Rh3+
34. Be3 Bxf6 35. exd5 Qg3 36. Ke2 Qg2+ 37. Rf2 Qg4+ 38. Kf1 Rh1# 0-1

[Event "AUTO-INT-3411"]
[Site "http://www.queenalice.com/game.php?id=1560506"]
[Date "2019.2.10"]
[Round "1"]
[White "od_xavier"]
[Black "Rockstars1976"]
[Result "0-1"]
[WhiteElo "1472"]
[BlackElo "1555"]

1. Nf3 d5 2. h4 Bf5 3. g3 Bg4 4. d3 Bxf3 5. exf3 e6 6. Bh3 Bc5 7. d4 Bd6 8. Bxe6
fxe6 9. c4 dxc4 10. h5 h6 11. Qa4+ Qd7 12. Qxc4 b5 13. Bxh6 bxc4 14. Bxg7 Qxg7
15. Nd2 Qxd4 16. Rb1 Nc6 17. Ne4 Bb4+ 18. Kf1 Qd3+ 19. Kg2 Ne5 20. Ng5 Nh6 21.
Nxe6 Qxf3+ 22. Kf1 Qxh1+ 23. Ke2 Qxb1 24. Nxc7+ Kd8 25. Nxa8 Qd3# 0-1

[Event "AUTO-INT-3411"]
[Site "http://www.queenalice.com/game.php?id=1560507"]
[Date "2019.2.10"]
[Round "1"]
[White "Rockstars1976"]
[Black "od_xavier"]
[Result "1-0"]
[WhiteElo "1603"]
[BlackElo "1661"]

1. e4 Nc6 2. d4 g6 3. Bf4 Bg7 4. e5 d6 5. Bb5 Bd7 6. Bxc6 Bxc6 7. exd6 Qxd6 8.
Bxd6 cxd6 9. Nf3 Bxd4 10. Qxd4 Nf6 11. O-O Bxf3 12. gxf3 b6 13. Nc3 Rg8 14. Nb5
Kd7 15. Rfd1 Ne8 16. Qa4 Kc8 17. Qc4+ Kb7 18. Qxf7 Rh8 19. Qxe7+ Ka6 20. a4 Rc8
21. Qxa7# 1-0

[Event "AUTO-INT-3411"]
[Site "http://www.queenalice.com/game.php?id=1560518"]
[Date "2019.2.10"]
[Round "1"]
[White "Rockstars1976"]
[Black "juim"]
[Result "0-1"]
[WhiteElo "1621"]
[BlackElo "1735"]

1. e4 d5 2. d3 dxe4 3. dxe4 Qxd1+ 4. Kxd1 e6 5. Bf4 Bd7 6. Bxc7 Nc6 7. Nc3 Be7
8. Nf3 Nf6 9. Be5 Na5 10. Bd3 O-O 11. Bxf6 Bxf6 12. e5 Be7 13. a3 Bc6 14. Be4
Rad8+ 15. Ke2 Bxe4 16. Nxe4 Rd7 17. Rad1 Rc7 18. c3 Nc6 19. b4 a5 20. Rb1 b6 21.
b5 Na7 22. a4 f5 23. Neg5 Bxg5 24. Nxg5 Rxc3 25. Nxe6 Rc2+ 26. Kd3 Rfc8 27. Nd4
R8c3# 0-1

[Event "AUTO-INT-3411"]
[Site "http://www.queenalice.com/game.php?id=1560519"]
[Date "2019.2.10"]
[Round "1"]
[White "juim"]
[Black "Rockstars1976"]
[Result "1-0"]
[WhiteElo "1734"]
[BlackElo "1592"]

1. e4 e5 2. d4 f6 3. d5 d6 4. Bd3 Ne7 5. Nf3 Bg4 6. h3 Bxf3 7. Qxf3 c6 8. dxc6
bxc6 9. Be3 d5 10. exd5 Qxd5 11. Be4 Qa5+ 12. Nc3 Nd7 13. O-O Rb8 14. Bd2 Qa6
15. Bd3 Qb7 16. b3 Ng6 17. Ne4 Bc5 18. Nxc5 Nxc5 19. Bxg6+ Kd7 20. Bf5+ Ke7 21.
a3 Rhd8 22. Be3 Rd5 23. Bxh7 Ne6 24. Qg4 e4 25. Bxe4 Re5 26. Bf5 Qd7 27. Bf4 Qd5
28. Bxe5 Qxe5 29. Bxe6 Qxe6 30. Rfe1 Qxe1+ 31. Rxe1+ Kf7 32. Qd7+ Kg6 33. Re4 f5
34. Qd6+ Kg5 35. Re7 Rb6 36. Rxg7+ Kh4 37. Qh6# 1-0

[Event "Challenge"]
[Site "http://www.queenalice.com/game.php?id=1562834"]
[Date "2019.3.2"]
[Round "-"]
[White "eduardocosta"]
[Black "Rockstars1976"]
[Result "0-1"]
[WhiteElo "1694"]
[BlackElo "1574"]

1. e3 e6 2. Be2 Be7 3. b3 d5 4. Bb2 Bf6 5. Qc1 Nc6 6. d4 Bg5 7. c4 Nf6 8. cxd5
exd5 9. Bb5 Qd6 10. Nd2 a6 11. Bxc6+ Qxc6 12. Ne2 Qxc1+ 13. Rxc1 c6 14. Nf3 h6
15. Nxg5 hxg5 16. Ng3 g4 17. a4 Ne4 18. O-O Nd2 19. Rfd1 Nxb3 20. Rc3 Na5 21.
Ba3 f5 22. Bd6 Be6 23. Rb1 Rd8 24. Bc7 Rb8 25. Bxb8 Kd7 26. Ba7 Ra8 27. Bb6 Nc4
28. Bc5 Na5 29. Nh5 g6 30. Nf4 Re8 31. Nxg6 Rg8 32. Ne5+ Kc7 33. Bb6+ Kb8 34.
Bxa5 Rf8 35. Nxc6+ Kc8 36. Ne7+ Kd7 37. Ng6 Re8 38. Rxb7+ Kd6 39. Rb6+ Kd7 40.
Ne5+ Ke7 41. Rxa6 Rb8 42. Nc6+ Kf6 43. Ne5 Rb1+ 44. Rc1 Rxc1+ 45. Be1 Rxe1# 0-1

[Event "Challenge"]
[Site "http://www.queenalice.com/game.php?id=1563436"]
[Date "2019.3.7"]
[Round "-"]
[White "WLAO"]
[Black "Rockstars1976"]
[Result "1-0"]
[WhiteElo "1562"]
[BlackElo "1610"]

1. e4 e5 2. Nf3 f6 3. Bc4 Ne7 4. d4 exd4 5. Qxd4 d6 6. O-O c5 7. Qd3 Nbc6 8. a3
a6 9. Qb3 d5 10. exd5 Nd4 11. Nxd4 cxd4 12. Re1 Qa5 13. Bd2 Qc7 14. Qd3 Bf5 15.
Qxd4 Rd8 16. Bf4 Qa5 17. b4 Qa4 18. Bb3 Qd7 19. d6 Be6 20. Bxe6 Qc6 21. Qe3 Rxd6
22. Bxd6 Qxd6 23. Qa7 Qf4 24. Qa8+ Nc8 25. Qxc8+ Ke7 26. Bd5+ Kd6 27. Nc3 Qd4
28. Qe6+ Kc7 29. Re3 1-0

[Event "Challenge"]
[Site "http://www.queenalice.com/game.php?id=1563440"]
[Date "2019.3.7"]
[Round "-"]
[White "eduardocosta"]
[Black "Rockstars1976"]
[Result "1-0"]
[WhiteElo "1698"]
[BlackElo "1583"]

1. e3 e5 2. Nf3 Nf6 3. Nxe5 Qe7 4. d4 d6 5. Nd3 d5 6. Be2 Nbd7 7. Nc3 Ne4 8.
Nxd5 Qd6 9. N5f4 f5 10. Bf3 Ndf6 11. O-O Be6 12. a3 Bc4 13. Bxe4 Nxe4 14. b3
Bxd3 15. cxd3 Ng5 16. b4 Be7 17. Bd2 b5 18. Rc1 Rc8 19. Ne2 O-O 20. Nc3 Qd7 21.
Ne2 h6 22. Nf4 c6 23. Qh5 Qd6 24. Bc3 Rf6 25. d5 Rf7 26. Bd2 Qe5 27. dxc6 Qb2
28. Rfd1 Qxa3 29. Ra1 Qb2 30. Rxa7 Rxc6 31. Nd5 Rc1 32. Bxc1 Qe5 33. Nf4 Qf6 34.
Bd2 Kh7 35. d4 g6 36. Qe2 Ne4 37. Qd3 h5 38. Nd5 Qh4 39. Rf1 Ng5 40. Qxb5 Bd6
41. Rxf7+ Nxf7 42. g3 Qg4 43. Nf6+ Kh6 44. Nxg4+ hxg4 45. Qd7 Kg7 46. b5 Kf8 47.
b6 Be7 48. b7 Bd6 49. Qc8+ Ke7 50. b8=Q Bxb8 51. Qxb8 Nd6 52. Bb4 Ke6 53. Qxd6+
Kf7 54. Qe7+ Kg8 55. d5 f4 56. exf4 Kh8 57. Ra1 1-0